000 00921nam a2200313Ia 4500
003 OSt
005 20220912145821.0
006 a|||||r|||| 00| 0
007 ta
008 220909b |||||||| |||| 00| 0 eng d
020 _a9781588297075 (hbd)
024 _a82629
037 _b243, 03/01/2009, Dhanraj Book House
037 _cTextual
040 _aCSL
_beng
_cCSL
041 _aeng
082 _aG11:(9S:71), P8.1;1
100 _aKeith Jonathan M Ed.
245 0 _aBioinformatics
260 _aNew Jersey
_bHumana Press
_c2008
300 _ap.
_ccm.
490 _aMethods in molecular biology
500 _aIncludes bibliographical references.; Index 537-562p.
650 _a Bioinformatics
650 _a Biology
650 _aInformatics
942 _hG11:(9S:71), P8.1;1
_cTEXL
_2CC
999 _c38958
_d38958